Southville International School and Colleges
Your cart is empty.
  • Cart
  • Lists
    Public lists Eva Luna New books Lux_list list_1
    Your lists Log in to create your own lists
  • Log in to your account
  • Your cookies
  • Search history
Southville International School and Colleges
  • Advanced search
  • Recent comments
  • Most popular
  • Libraries

Log in to your account

Log in with GOOGLE


If you do not have an external account, but do have a local account, you can still log in:

  1. Home
  2. MARC view: "Swingin Round the Cirkle." :
Normal view MARC view ISBD view

"Swingin Round the Cirkle." : (Record no. 246483)

[ view plain ]
MARC details
000 -LEADER
fixed length control field 00905cam a22002653a 4500
001 - CONTROL NUMBER
control field 17228
003 - CONTROL NUMBER IDENTIFIER
control field PGUSA
005 - DATE AND TIME OF LATEST TRANSACTION
control field 20140828083352.0
008 - FIXED-LENGTH DATA ELEMENTS--GENERAL INFORMATION
fixed length control field 051205s2005||||xxu|||||s|||||000 | eng d
040 ## - CATALOGING SOURCE
Original cataloging agency PGUSA
Language of cataloging eng
042 ## - AUTHENTICATION CODE
Authentication code dc
050 #4 - LIBRARY OF CONGRESS CALL NUMBER
Classification number PN
050 #4 - LIBRARY OF CONGRESS CALL NUMBER
Classification number PS
100 1# - MAIN ENTRY--PERSONAL NAME
Personal name Locke, David Ross,
Dates associated with a name 1833-1888
245 10 - TITLE STATEMENT
Title "Swingin Round the Cirkle." :
Remainder of title His Ideas Of Men, Politics, And Things, As Set Forth In His Letters To The Public Press, During The Year 1866.
Medium [electronic resource] /
Statement of responsibility, etc David Ross Locke
260 ## - PUBLICATION, DISTRIBUTION, ETC. (IMPRINT)
Name of publisher, distributor, etc Project Gutenberg,
Date of publication, distribution, etc 2005
506 ## - RESTRICTIONS ON ACCESS NOTE
Terms governing access Public domain in the USA.
516 ## - TYPE OF COMPUTER FILE OR DATA NOTE
Type of computer file or data note Electronic text
653 ## - INDEX TERM--UNCONTROLLED
Uncontrolled term Campaign literature -- Republican
653 ## - INDEX TERM--UNCONTROLLED
Uncontrolled term United States -- Politics and government -- 1865-1869 -- Humor
700 1# - ADDED ENTRY--PERSONAL NAME
Personal name Nast, Thomas,
Dates associated with a name 1840-1902
830 #0 - SERIES ADDED ENTRY--UNIFORM TITLE
Uniform title Project Gutenberg
Volume number/sequential designation 17228
856 40 - ELECTRONIC LOCATION AND ACCESS
Uniform Resource Identifier <a href="http://www.gutenberg.org/ebooks/17228">http://www.gutenberg.org/ebooks/17228</a>
942 ## - ADDED ENTRY ELEMENTS (KOHA)
Koha item type eBooks
Holdings
Withdrawn status Lost status Damaged status Home library Current library Date acquired Total Checkouts Date last seen Price effective from Koha item type
      Project Gutenberg Project Gutenberg 08/28/2014   08/28/2014 08/28/2014 eBooks

"Swingin Round the Cirkle." :

APA

Locke D. R., Nast T., . (2005). "Swingin Round the Cirkle.". : Project Gutenberg.

Chicago

Locke David Ross, Nast Thomas, . 2005. "Swingin Round the Cirkle.". : Project Gutenberg.

Harvard

Locke D. R., Nast T., . (2005). "Swingin Round the Cirkle.". : Project Gutenberg.

MLA

Locke David Ross, Nast Thomas, . "Swingin Round the Cirkle.". : Project Gutenberg. 2005.

  • Place hold
  • Print
  • Cite
  • Add to your cart (remove)
  • Save record
    BIBTEX Dublin Core MARCXML MARC (non-Unicode/MARC-8) MARC (Unicode/UTF-8) MARC (Unicode/UTF-8, Standard) MODS (XML) RIS
  • More searches
    Search for this title in:
    Other Libraries (WorldCat) Other Databases (Google Scholar) Online Stores (Bookfinder.com) Open Library (openlibrary.org)

Exporting to Dublin Core...

SOUTHVILLE LIBRARY

Southville International School and Colleges Library

1281 Tropical Ave. Cor. Luxembourg St., BF Homes International, Las Pinas City

Tel. No. 8256374 / 252358 Loc. 117/146

Powered by Koha